| 000 | 00520nam a22001697a 4500 | ||
|---|---|---|---|
| 008 | 230511b |||||||| |||| 00| 0 eng d | ||
| 020 | _a8170232295 | ||
| 040 |
_aNational Science Library _cNational Science Library |
||
| 080 |
_aR 030.8=20 _bN0 |
||
| 245 | _aChambers english dictionary | ||
| 260 |
_bNew Delhi: _cAllied Publishers Limited, _d1988 |
||
| 300 | _axvi, 1792p. | ||
| 650 | _aEncyclopedias and dictionaries | ||
| 700 | _aLandau, Sidney I (Ed.) | ||
| 700 | _aSchwarz, Catherine (Ed.) | ||
| 942 |
_2udc _cREF |
||
| 999 |
_c29012 _d29012 |
||